Analysis of investments & management of portfolios / (Record no. 17292)

MARC details
000 -LEADER
fixed length control field 01409cam a22003495a 4500
001 - CONTROL NUMBER
control field 015889468
005 - DATE AND TIME OF LATEST TRANSACTION
control field 20181001120414.0
008 - FIXED-LENGTH DATA ELEMENTS--GENERAL INFORMATION
fixed length control field 110912t2012 at a frb 001 0 eng d
020 ## - INTERNATIONAL STANDARD BOOK NUMBER
International Standard Book Number 9780538482486 (international ed.)
020 ## - INTERNATIONAL STANDARD BOOK NUMBER
International Standard Book Number 0538482486 (international ed.)
020 ## - INTERNATIONAL STANDARD BOOK NUMBER
International Standard Book Number 9788131518748 (India ed.)
020 ## - INTERNATIONAL STANDARD BOOK NUMBER
International Standard Book Number 8131518744 (India ed.)
040 ## - CATALOGING SOURCE
Original cataloging agency EG-ScBUE
Language of cataloging eng
Transcribing agency EG-ScBUE
Modifying agency EG-ScBUE
-- EG-ScBUE
082 04 - DEWEY DECIMAL CLASSIFICATION NUMBER
Classification number 332.6
Item number REI
Edition number 23
100 1# - MAIN ENTRY--PERSONAL NAME
Personal name Reilly, Frank K.
245 10 - TITLE STATEMENT
Title Analysis of investments & management of portfolios /
Statement of responsibility, etc Frank K. Reilly, Keith C. Brown.
246 30 - VARYING FORM OF TITLE
Title proper/short title Analysis of investments and management of portfolios
246 3# - VARYING FORM OF TITLE
Title proper/short title Investments and management of portfolios
250 ## - EDITION STATEMENT
Edition statement 10th ed., International ed.
260 ## - PUBLICATION, DISTRIBUTION, ETC. (IMPRINT)
Place of publication, distribution, etc [Canberra] :
Name of publisher, distributor, etc South-Western / Cengage learning,
Date of publication, distribution, etc c.2012.
300 ## - PHYSICAL DESCRIPTION
Extent xxvi, 1066 p. :
Other physical details ill. (black and white, and colour) ;
Dimensions 26 cm.
500 ## - GENERAL NOTE
General note Revised edition of : Investment analysis and portfolio management. Hinsdale, Illinois: Dryden Press, 1979.
500 ## - GENERAL NOTE
General note Glossary : p. 1040-1052.
504 ## - BIBLIOGRAPHY, ETC. NOTE
Bibliography, etc Includes bibliographical references and index.
650 #7 - SUBJECT ADDED ENTRY--TOPICAL TERM
Topical term or geographic name as entry element Investments.
Source of heading or term BUEsh
9 (RLIN) 32599
650 #7 - SUBJECT ADDED ENTRY--TOPICAL TERM
Topical term or geographic name as entry element Portfolio management.
Source of heading or term BUEsh
9 (RLIN) 32600
651 ## - SUBJECT ADDED ENTRY--GEOGRAPHIC NAME
Source of heading or term BUEsh
653 ## - INDEX TERM--UNCONTROLLED
Resource For college BAEPS, Business Administration
-- BAEPS, Economics
Arrived date list February2013
-- September2015
655 ## - INDEX TERM--GENRE/FORM
Form subdivision Text book
690 7# - LOCAL SUBJECT ADDED ENTRY--TOPICAL TERM (OCLC, RLIN)
Topical term or geographic name as entry element Management and Business Studies
Source of heading or term blcoll
700 1# - ADDED ENTRY--PERSONAL NAME
Personal name Brown, Keith C.
9 (RLIN) 6119
Holdings
Withdrawn status Item status Source of classification or shelving scheme Materials specified (bound volume or other part) Damaged status Not for loan Vendor Home library Current library Shelving location Date acquired Source of acquisition Total Checkouts Full call number Barcode Date last seen Date last borrowed Koha item type Total Renewals
  Lost Dewey Decimal Classification Lost In Inventory_2015-8-23     Baccah Central Library Central Library First floor 13/02/2013   3 332.6 REI 000028240 23/06/2013 23/05/2013 NB - Book (Non borrowing)  
    Dewey Decimal Classification BOX07 Damaged   Baccah Central Library Central Library First floor 13/02/2013   16 332.6 REI 000028241 18/08/2021 30/09/2018 Book - Borrowing 87
    Dewey Decimal Classification BOX05 Damaged   Baccah Central Library Central Library First floor 13/02/2013   16 332.6 REI 000028242 17/09/2018 03/10/2017 Book - Borrowing 145
    Dewey Decimal Classification BOX07 Damaged   Baccah Central Library Central Library First floor 13/02/2013   21 332.6 REI 000028243 24/08/2022 12/10/2019 Book - Borrowing 96
    Dewey Decimal Classification       Baccah Central Library Central Library First floor 13/02/2013   22 332.6 REI 000028244 15/07/2025 12/10/2019 Book - Borrowing 161
  Lost Dewey Decimal Classification Lost In Inventory_2017-8-25     Baccah Central Library Central Library First floor 29/09/2015 Purchase   332.6 REI 000030967 23/08/2016   NB - Book (Non borrowing)  
  Lost & Replaced Dewey Decimal Classification       Baccah Central Library Central Library First floor 29/09/2015 Purchase 6 332.6 REI 000030968 25/09/2018 04/02/2018 Book - Borrowing 83
    Dewey Decimal Classification Box 05 Damaged   Baccah Central Library Central Library First floor 29/09/2015 Purchase 17 332.6 REI 000030969 15/04/2019 28/02/2019 Book - Borrowing 39
    Dewey Decimal Classification       Baccah Central Library Central Library First floor 29/09/2015 Purchase 15 332.6 REI 000030970 15/07/2025 05/03/2022 Book - Borrowing 73
    Dewey Decimal Classification       Baccah Central Library Central Library First floor 11/03/2018 Purchase   332.6 REI 000043041 15/07/2025   NB - Book (Non borrowing)  
    Dewey Decimal Classification       Baccah Central Library Central Library First floor 13/03/2018 Purchase 2 332.6 REI 000047386 15/07/2025 12/10/2019 Book - Borrowing 4
    Dewey Decimal Classification       Baccah Central Library Central Library First floor 01/10/2018 Purchase 1 332.6 REI 000043602 15/07/2025 09/01/2020 Book - Borrowing 1